Sổ tay ô tô

Tallennettuna:
Bibliografiset tiedot
Yhteisötekijät: Viện nghiên cứu khoa học vận tải ô tô nhà nước Liên Xô Bộ Vận tải ô tô Liên Xô, Viện nghiên cứu khoa học vận tải ô tô nhà nước Liên Xô Bộ vận tải ô tô Liên Xô
Aineistotyyppi: Kirja
Julkaistu: H. Công nhân kĩ thuật. 1984.
Aiheet:
Tagit: Lisää tagi
Ei tageja, Lisää ensimmäinen tagi!
Thư viện lưu trữ: Trung tâm Học liệu Lê Vũ Hùng, Trường Đại học Đồng Tháp
LEADER 00890pam a22002178a 4500
001 00015951
005 20171026081022.0
008 110401s1984 ||||||Viesd
020 |c 1300 
041 0 # |a Vie 
082 1 4 |a 629.222  |b S450T 
110 1 # |a Viện nghiên cứu khoa học vận tải ô tô nhà nước Liên Xô  |b Bộ Vận tải ô tô Liên Xô 
245 0 0 |a Sổ tay ô tô 
260 # # |a H.  |b Công nhân kĩ thuật.  |c 1984. 
300 # # |a 235 tr.  |b Hình vẽ, biểu đồ  |c 24 cm. 
650 # 4 |a Ô tô kĩ thuật 
710 |a Viện nghiên cứu khoa học vận tải ô tô nhà nước Liên Xô  |b Bộ vận tải ô tô Liên Xô 
852 # # |b Kho đọc  |j KD.0001478 
852 # # |j KD.0001478 
910 |d 01/04/2011 
980 # # |a Trung tâm Học liệu Lê Vũ Hùng, Trường Đại học Đồng Tháp